00724nam a22002297a 450000500170000001000240001702000260004102000110006703500130007803500130009103700130010408200130011710000220013024500870015225000110023926000250025027000950027530000280037050000520039870000210045070000230047120190715115355.0 aB-694062 B-728362 a9789332550230c649.00 c699.00 aB-694062 aB-728362 bRK Books a621.3822 aOppenheim,Alan V. aSignals and systems /cby Alan V. Oppenheim, Alan S Willsky [and] Syed Hamid Nawab a2nd ed aNoidabPearsonc2018 a15th Floor, Tower B, World Trade Tower, Plot No.1, Block -C, Sector-16bNoida (UP)e201301 a944p.:c23cm(pbk)bill. aincluding bibliographical references and index  aWillsky, Alan S. aNawab, Syed Hamid